Národohospodářský obzor časopis věnovaný otázkám národohospodářským a sociálněpolitickým

Enregistré dans:
Détails bibliographiques
Format: Publication en série
Langue:tchèque
Publié: Varšava Sciendo 2020
Sujets:
Tags: Ajouter un tag
Pas de tags, Soyez le premier à ajouter un tag!

MARC

LEADER 00000nas2a2200000 4500
001 0303560
005 20240812112006.5
022 |a 1804-1663 
041 0 |a cze 
044 |a PL 
245 1 0 |a Národohospodářský obzor  |b časopis věnovaný otázkám národohospodářským a sociálněpolitickým 
264 1 |a Varšava  |b Sciendo  |c 2020 
500 |a chýba č. 3, 4 
773 0 |w eu_un_cat*s122567 
610 2 0 |a teórie ekonomické 
610 2 0 |a politika hospodárska 
610 2 0 |a ekonometria 
610 2 0 |a hospodárstvo svetové 
610 2 0 |a transformácia 
610 2 0 |a integrácia ekonomická medzinárodná